České rodinné právo - vývoj, současný stav a perspektivy
Rodinné právo v historických súvislostiach. Súčasná právna úprava. Inštitúcia českého rodinného práva. Smer vývoja rodinného práva v Česku.
Salvato in:
| Autore principale: | |
|---|---|
| Natura: | Capitolo di libro |
| Lingua: | ceco |
| Soggetti: | |
| Tags: |
Nessun Tag, puoi essere il primo ad aggiungerne!!
|
MARC
| LEADER | 00000naa$a2200000$$$4500 | ||
|---|---|---|---|
| 001 | 0003789 | ||
| 005 | 20230929081210.2 | ||
| 041 | 0 | |a cze | |
| 044 | |a SK | ||
| 245 | 1 | 0 | |a České rodinné právo - vývoj, současný stav a perspektivy |c aut. Zdeňka Králičková |
| 520 | |a Rodinné právo v historických súvislostiach. Súčasná právna úprava. Inštitúcia českého rodinného práva. Smer vývoja rodinného práva v Česku. | ||
| 610 | 2 | 0 | |a právo rodinné |
| 610 | 2 | 0 | |a Česko |
| 610 | 2 | 0 | |a zmluvy medzinárodné |
| 610 | 2 | 0 | |a manželstvo |
| 610 | 2 | 0 | |a rodina |
| 610 | 2 | 0 | |a deti |
| 100 | 1 | |a Králičková, Zdeňka | |